A szlovákiai magyar pedagógusok pécsi továbbképzése a tudományok városában formabontóan, egyéni érdeklődésre épülve új ismeretekkel gazdagodtak

Bibliographic Details
Main Author: Hegedűs, Katalin (Author)
Format: Article
Language:Hungarian
PhysicalDescription:Fotogr.
Subjects:

MARC

LEADER 00000nab a2200000 ar4500
001 vtls009160187
003 SK-MaSNL
005 20260318132523.0
008 071115c20071115xo |||||||| 000 b|hun
015 |a SNBRB2007/11  |2 snkbucl 
038 |a SNKBUCL 
040 |a DSZK  |b slo  |c DSZK  |e AACR2 
041 0 |a hun 
044 |a xo  |c SK 
080 |a 371.124  |x (=511.141)  |x (437.6)  |2 1997 
080 |a 371.14  |2 1997 
100 1 |a Hegedűs, Katalin  |4 aut  |9 1035789 
245 1 0 |a A szlovákiai magyar pedagógusok pécsi továbbképzése  |b a tudományok városában formabontóan, egyéni érdeklődésre épülve új ismeretekkel gazdagodtak  |c Hegedűs Katalin 
300 |b Fotogr. 
648 7 |a 2007  |2 snkbucl  |9 313226 
650 0 7 |a maďarskí pedagógovia  |z Slovensko  |2 snkbucl  |9 1033179 
650 0 7 |a ďalšie vzdelávanie  |2 snkbucl  |9 4032 
651 7 |a Pécs (Maďarsko)  |2 snkbucl  |9 56264 
773 0 |t Új szó  |g Évf. 60, sz. 263 (15.11.2007), o. 12 
773 0 8 |i Mell.:  |t Iskola utca  |g Évf. 4, sz. 36 (2007) 
852 |a SNK  |b KIS3GCP 
852 |a DSZK  |b KIS3GCP 
958 |a HU 
958 |a SK 
999 |c 2130913  |d 2132843